000 01217cam a22003131 4500
001 10247
003 BD-RjUL
005 20211208234923.0
008 140123s1963 nyua b 001 0 eng d
035 _a(BD-RjUL)10295
035 _a(OCoLC)795191
040 _aDLC
_cMBNU
_dNcRS
_dDLC
_d(BD-RjUL)
_beng
041 0 _aeng
_bger
082 0 0 _a541.372
_bCHE
245 0 0 _aChemie in wasserfreiem flüssigem Ammoniak :
_bChemistry in anhydrous liquid ammonia /
_cSmith, Herchel.
260 _aBraunschweig ;
_bF. Vieweg ;
_aNew York :
_bInterscience Publishers,
_c1963
300 _a2 v.
_billus.
_c25 cm.
504 _aIncludes bibliographies.
505 0 _aTeilband 1. Anorganische und allgemeine Chemie in flüssigem Ammoniak, von J. Jander, unter Mitarbeit von V. Doetsch et al.--Teilband 2. Organic reactions in liquid ammonia, by H. Smith.
650 0 _aLiquid ammonia.
_929468
650 0 _aChemical reactions.
_929171
700 1 _a Smith, Herchel.
_931667
700 1 _aJander, Jochen.
_931668
740 0 _aChemistry in anhydrous liquid ammonia.
942 _2ddc
_cBK
999 _c10247
_d10247